000 01478cam a2200349 i 4500
001 19456485
003 NUST
005 20221117133450.0
008 170118s2016 pk af b 000 0 eng
010 _a 2017336003
020 _a9789692316903
025 _aP-E-2017336003; 33
037 _bLibrary of Congress -- Islamabad Overseas Office
040 _aDLC
_beng
_cDLC
_erda
042 _alcode
_apcc
043 _aa-bg---
_aa-pk---
050 0 0 _aDS395.5
_b.A336245 2016
082 _a974.889609, AHM
100 1 _aAhmad, Junaid,
_d1953-
_eauthor.
_929359
245 1 0 _aCreation of Bangladesh :
_bmyths exploded /
_cJunaid Ahmad.
264 1 _aKarachi :
_bAJA Publishers,
_c2016.
300 _a1 volume (various pagings), 46 unnumbered pages of plates :
_billustrations ;
_c24 cm
336 _atext
_btxt
_2rdacontent
337 _aunmediated
_bn
_2rdamedia
338 _avolume
_bnc
_2rdacarrier
505 _aCreation of Bangladesh Amid Myths and Fables (Page-1), Creation of Pakistan (Page-17), The Dismemberment Starts (Page-57), India;s Machinations (Page-95), The 1971 Insurgency (Page-139), Mukti Bahini - Its True Face (Page-183), Post Dismemberment (Page-223), way Forward (Page-267).
651 0 _aBangladesh
_xHistory
_yRevolution, 1971.
651 0 _aPakistan
_xPolitics and government
_y1971-1988.
_96629
906 _a7
_bcbc
_corigode
_d3
_encip
_f20
_gy-gencatlg
942 _2ddc
_cBK
999 _c592356
_d592356